ArchManual : ecology + sustainable + city future (Record no. 8048)

000 -LEADER
fixed length control field 00267nam a22001097a 4500
008 - FIXED-LENGTH DATA ELEMENTS--GENERAL INFORMATION
fixed length control field 200703b ||||| |||| 00| 0 eng d
020 ## - INTERNATIONAL STANDARD BOOK NUMBER
International Standard Book Number 9787560960418
082 ## - DEWEY DECIMAL CLASSIFICATION NUMBER
Classification number 720.47
245 ## - TITLE STATEMENT
Title ArchManual : ecology + sustainable + city future
260 ## - PUBLICATION, DISTRIBUTION, ETC. (IMPRINT)
Place of publication, distribution, etc Chaina
942 ## - ADDED ENTRY ELEMENTS (KOHA)
Source of classification or shelving scheme
Holdings
Withdrawn status Lost status Source of classification or shelving scheme Damaged status Koha normalized classification for sorting Not for loan Permanent location Current location Date acquired Full call number Barcode Date last seen Price effective from Koha item type
        720_470000000000000   BMS College of Architecture, Design and Planning BMS College of Architecture, Design and Planning 2020-07-03 720.47 AR-UG1714 2023-04-20 2020-07-03 UG Books
Copyright © 2025, The Librarian, Library and Information Centre, BMSCA D&P, Bengaluru. All Rights Reserved
web counter

Powered by Koha